| 000 | 01166cam a22002531 4500 | ||
|---|---|---|---|
| 001 | 28361 | ||
| 003 | BD-RjUL | ||
| 005 | 20211209051255.0 | ||
| 008 | 140330t1968 e a b 001 0 eng d | ||
| 035 | _a(BD-RjUL)28442 | ||
| 040 |
_aDLC _cDLC _dDLC _dBD-RjUL _beng |
||
| 041 | _aeng | ||
| 082 | 0 | 0 |
_a994 _bCLH 1968 |
| 100 | 1 |
_aClark, C. M. H. _q(Charles Manning Hope), _d1915-1991. _986856 |
|
| 245 | 0 | 2 |
_aA history of Australia / _c C. M. H. Clark _nVolume-II _pNew south wales and Van Diemen's Land 1822-1838 |
| 260 |
_aCarlton ; _bMelbourne University Press ; _aLondon ; _aNew York : _bCambridge University Press, _c1968 |
||
| 300 |
_aV-2 (368 p.) : _bill. ; _c24 cm. |
||
| 504 | _aIncludes bibliographical reference and indexes. | ||
| 505 | 0 | _a1. From the earliest times to the age of Macquarie.--2. New South Wales and Van Diemen's Land, 1822-1838.--3. The beginning of an Australian civilization, 1824-1851.--4. The earth abideth for ever, 1851-1888.--5. The people make laws, 1888-1915.--v. 6. The old dead tree and the young tree green, 1916-1935. | |
| 651 | 0 |
_aAustralia _xHistory. _986858 |
|
| 942 |
_2ddc _cBK |
||
| 999 |
_c28361 _d28361 |
||